000 00913nam a2200265 i 4500
001 12499
003 ES-MaACL
005 20230906150327.0
007 t|
008 000000s1986 sp a |||| | spa d
020 _a84-7232-383-8
080 _a809.812
100 1 _aDietrich, Wolf.
_944626
245 1 3 _aEl idioma chiriguano
_b: gramática, textos, vocabularios /
_cWolf Dietrich.
260 _aMadrid :
_bV Centenario del Descubrimiento de América :
_bCultura Hispánica,
_c[1986]
300 _a356 p. :
_bil. ;
_c25 cm.
490 1 _aColección Amerindia
504 _aBibliografía.
650 1 4 _aLengua chiriguana.
_9162850
650 4 _aChiriguanos (Indios)
_9162851
710 1 _aEspaña.
_bComisión Nacional para la Conmemoración del V Centenario del Descubrimiento de América.
_93639
830 0 _aColección Amerindia
_9228306
852 _aES-MaACL
_jL-19688
999 _c12499
_d12499